| 000 | 00395cam a2200157ua 4500 | ||
|---|---|---|---|
| 041 |
_aeng _h |
||
| 082 |
_a823.308 _bWEL/WH |
||
| 100 | _aWells, H G . | ||
| 245 |
_aWheels of chance and the time machine / _cH G Wells. _hTextual Documents |
||
| 250 |
_a1 / _b. |
||
| 260 |
_aLondon : _bJ M Dent and Sons Ltd , _c1961. |
||
| 300 | _a301 ; . | ||
| 504 | _a | ||
| 942 | _cBK | ||
| 999 |
_c6830 _d6830 |
||